AH International Schools' Libraries

What Is Round? (Record no. 48640)

MARC details
000 -LEADER
fixed length control field 00364nam a22001217a 4500
008 - FIXED-LENGTH DATA ELEMENTS--GENERAL INFORMATION
fixed length control field 250318b |||||||| |||| 00| 0 eng d
020 ## - INTERNATIONAL STANDARD BOOK NUMBER
International Standard Book Number 043915944X
100 ## - MAIN ENTRY--PERSONAL NAME
Personal name Rebecca Kai Dotlich (Author), Maria Ferrari (Illustrator)
9 (RLIN) 86147
245 ## - TITLE STATEMENT
Title What Is Round?
260 ## - PUBLICATION, DISTRIBUTION, ETC. (IMPRINT)
Place of publication, distribution, etc New York
Name of publisher, distributor, etc Scholastic Inc
Date of publication, distribution, etc 1999
300 ## - PHYSICAL DESCRIPTION
Extent 20 p
Other physical details col. ill.
Dimensions 8 x 8.25 inches
942 ## - ADDED ENTRY ELEMENTS (KOHA)
Source of classification or shelving scheme
Holdings
Withdrawn status Lost status Source of classification or shelving scheme Damaged status Not for loan Collection code Home library Current library Date acquired Total Checkouts Full call number Barcode Date last seen Price effective from Koha item type
          Siem Reap Asian Hope Siem Reap Asian Hope Siem Reap 03/18/2025   ENFIC REB 207781 03/18/2025 03/18/2025 Book

For any Logos Library related questions please contact Miss Art at swongnarasuk@asianhope.org.

For any Asian Hope Library related questions please contact Miss Raza at graza@asianhope.org.

Powered by Koha